Indian Foreign Policy: (Record no. 187129)

MARC details
000 -LEADER
fixed length control field 00578nam a22001817a 4500
005 - DATE AND TIME OF LATEST TRANSACTION
control field 20220401144635.0
010 ## - LCCN (DPL NO)
LC control number ENG-132205
020 ## - INTERNATIONAL STANDARD BOOK NUMBER
International Standard Book Number 9789388409223
Terms of availability 895.00
035 ## - SYSTEM CONTROL NUMBER
System control number EN-115737
037 ## - SOURCE OF ACQUISITION
Source of stock number/acquisition DBAD/PUB
082 ## - DEWEY DECIMAL CLASSIFICATION NUMBER
Classification number 327.54
100 ## - MAIN ENTRY--PERSONAL NAME
Personal name Pant, Harsh V
245 ## - TITLE STATEMENT
Title Indian Foreign Policy:
Remainder of title The Modi Era/
Statement of responsibility, etc Harsh V Pant
260 ## - PUBLICATION, DISTRIBUTION, ETC. (IMPRINT)
Place of publication, distribution, etc New Delhi
Name of publisher, distributor, etc Har anand Publications Pvt Ltd
Date of publication, distribution, etc 2019
270 ## - ADDRESS
Address E-49/3, Okhla Industrial Area, Phase-II
Postal code 110020
City New Delhi
Electronic mail address haranand@rediffmail.com
300 ## - PHYSICAL DESCRIPTION
Extent 314p.
Dimensions 23cm(hbk)
942 ## - ADDED ENTRY ELEMENTS (KOHA)
Source of classification or shelving scheme Dewey Decimal Classification
Item type English Books
Call number suffix PAN
Classification part 327.54
Holdings
Withdrawn status Lost status Not for loan Collection code Home library Current library Date acquired Source of acquisition Cost, normal purchase price Full call number Barcode Copy number Cost, replacement price Koha item type
    Not For Loan Non-fiction D.B.Act.Division D.B.Act.Division 01/04/2022 DBAD/PUB 895.00 327.54 PAN EN-115737 1 895.00 English Books

© Delhi Public Library
Hit Counter
free hit counter